<?xml version="1.0" encoding="UTF-8"?><?xml-stylesheet type="text/xsl" href="static/style.xsl"?><OAI-PMH xmlns="http://www.openarchives.org/OAI/2.0/" xmlns:xsi="http://www.w3.org/2001/XMLSchema-instance" xsi:schemaLocation="http://www.openarchives.org/OAI/2.0/ http://www.openarchives.org/OAI/2.0/OAI-PMH.xsd"><responseDate>2026-04-27T21:55:12Z</responseDate><request verb="GetRecord" identifier="oai:uvadoc.uva.es:10324/84228" metadataPrefix="marc">https://uvadoc.uva.es/oai/request</request><GetRecord><record><header><identifier>oai:uvadoc.uva.es:10324/84228</identifier><datestamp>2026-04-21T19:21:28Z</datestamp><setSpec>com_10324_1165</setSpec><setSpec>com_10324_931</setSpec><setSpec>com_10324_894</setSpec><setSpec>col_10324_1335</setSpec></header><metadata><record xmlns="http://www.loc.gov/MARC21/slim" xmlns:doc="http://www.lyncode.com/xoai" xmlns:xsi="http://www.w3.org/2001/XMLSchema-instance" xmlns:dcterms="http://purl.org/dc/terms/" xsi:schemaLocation="http://www.loc.gov/MARC21/slim http://www.loc.gov/standards/marcxml/schema/MARC21slim.xsd">
<leader>00925njm 22002777a 4500</leader>
<datafield tag="042" ind1=" " ind2=" ">
<subfield code="a">dc</subfield>
</datafield>
<datafield tag="720" ind1=" " ind2=" ">
<subfield code="a">Mielgo Martín, Paula</subfield>
<subfield code="e">author</subfield>
</datafield>
<datafield tag="720" ind1=" " ind2=" ">
<subfield code="a">Bregón Bregón, Aníbal</subfield>
<subfield code="e">author</subfield>
</datafield>
<datafield tag="720" ind1=" " ind2=" ">
<subfield code="a">Alonso González, Carlos Javier</subfield>
<subfield code="e">author</subfield>
</datafield>
<datafield tag="720" ind1=" " ind2=" ">
<subfield code="a">Martínez Prieto, Miguel Angel</subfield>
<subfield code="e">author</subfield>
</datafield>
<datafield tag="720" ind1=" " ind2=" ">
<subfield code="a">López Gómez, Daniel</subfield>
<subfield code="e">author</subfield>
</datafield>
<datafield tag="720" ind1=" " ind2=" ">
<subfield code="a">Pulido Junquera, José Belarmino</subfield>
<subfield code="e">author</subfield>
</datafield>
<datafield tag="260" ind1=" " ind2=" ">
<subfield code="c">2026</subfield>
</datafield>
<datafield tag="520" ind1=" " ind2=" ">
<subfield code="a">The transition towards Industry 4.0 has led to a significant increase in the adoption of smart manufacturing, where advanced technologies, such as Artificial Intelligence and Machine Learning, are used to optimize production processes. Quality control in manufacturing presents significant challenges, particularly in detecting non-visible defects. This paper proposes a novel approach to improve quality assurance in die-casting machines for car engine block production through thermographic image analysis. Specifically, we verify whether thermal patterns in the mold, captured immediately after the part is extracted, can serve as an indicator of internal defects in manufactured components, thereby avoiding the need for expensive and time-consuming leak tests. Our approach employs a stacking ensemble as its core. The ensemble integrates Convolutional Neural Networks and Vision Transformers, leveraging their complementary strengths for defect detection. An ensemble and threshold selection process is then carried out to identify optimal classifiers for defective and non-defective parts. Experimental results based on thermographic images from a mold used in the manufacture of 4-cylinder engine blocks demonstrate that the proposed framework can ensure the internal quality of up to 63.3% of components with high confidence. This result enables a significant reduction in reliance on leak tests, illustrating the viability of a real-time, cost-effective decision-making process that reduces bottlenecks and enhances overall manufacturing efficiency.</subfield>
</datafield>
<datafield tag="024" ind2=" " ind1="8">
<subfield code="a">Engineering Applications of Artificial Intelligence, 2026, vol. 177, p. 114850</subfield>
</datafield>
<datafield tag="024" ind2=" " ind1="8">
<subfield code="a">0952-1976</subfield>
</datafield>
<datafield tag="024" ind2=" " ind1="8">
<subfield code="a">https://uvadoc.uva.es/handle/10324/84228</subfield>
</datafield>
<datafield tag="024" ind2=" " ind1="8">
<subfield code="a">10.1016/j.engappai.2026.114850</subfield>
</datafield>
<datafield tag="024" ind2=" " ind1="8">
<subfield code="a">114850</subfield>
</datafield>
<datafield tag="024" ind2=" " ind1="8">
<subfield code="a">Engineering Applications of Artificial Intelligence</subfield>
</datafield>
<datafield tag="024" ind2=" " ind1="8">
<subfield code="a">177</subfield>
</datafield>
<datafield tag="245" ind1="0" ind2="0">
<subfield code="a">Enhancing quality control in die-casting with ensemble-based computer vision methods</subfield>
</datafield>
</record></metadata></record></GetRecord></OAI-PMH>